000 00590nam a22001697a 4500
008 151124b xxu||||| |||| 00| 0 eng d
020 _a9781842778111
050 _aHF1611.B663 2006
100 _aBond, Patrick
_96724
245 _aLooting Africa
_bthe economics of exploitation
_c/by Patrick Bond
260 _aLondon
_aNew York
_bZed Books
_c2006
300 _axix,172p.;
_c22cm.
650 _aGlobalization
_xEconomic aspect
_zAfrica
_921170
650 _aGlobalization
_xSocial aspect
_zAfrica
_921171
650 _aGlobalization
_xPolitical aspect
_zAfrica
_921172
942 _2lcc
_cMONOGRAPH
999 _c123815
_d123815